01611nam a2200361 a 4500001001200000003000800012006001900020007001500039008004100054020001800095020002700113040002100140035002100161050002200182245011500204250001200319260003100331300002400362490005900386504004100445505026100486533015200747650002800899650002600927655002900953700002100982700002001003700001801023710001701041830004801058856012601106999001701232ebr10559560CaPaEBRm u cr cn|||||||||120523s2012 enka sb 000 0 eng d z9781780523460 z9781780523477 (e-book) aCaPaEBRcCaPaEBR a(OCoLC)79274897314aBL60b.R45 2012eb00aReligion, work and inequalityh[electronic resource] /cedited by Lisa A. Keister, John McCarthy, Roger Finke. a1st ed. aBingley :bEmerald,c2012. axvi, 397 p. :bill.1 aResearch in the sociology of work,x0277-2833 ;vv. 23 aIncludes bibliographical references.0 apt. 1. Patterns of religious stratification -- pt. 2. Religion, occupations, and wealth -- pt. 3. Religion and education -- pt. 4. The role of congregations -- pt. 5. Religion and stratification across national borders -- pt. 6. Expanding research methods. aElectronic reproduction.bPalo Alto, Calif. :cebrary,d2013.nAvailable via World Wide Web.nAccess may be limited to ebrary affiliated libraries. 0aReligion and sociology. 0aIndustrial sociology. 7aElectronic books.2local1 aKeister, Lisa A.1 aMcCarthy, John.1 aFinke, Roger.2 aebrary, Inc. 0aResearch in the sociology of work ;vv. 23.40uhttp://site.ebrary.com/lib/rucke/Doc?id=10559560zAn electronic book accessible through the World Wide Web; click to view c95790d95790